00369nam a2200145Ia 4500003000400000005001700004008004100021040000900062082001800071100002300089245005700112260003200169300001000201650001200211OSt20201222101329.0190216s9999||||xx |||||||||||||| ||und|| coclc a909.03bLAN/E aLanger, William L  3aAn Encyclopedia Of World History /cWilliam L Langer bHarrap Galley Press,c1987. a1419p aHistory